000
00291nam a2200109Ia 4500
001
1268710
005
20260417145255.0
008
260417s9999 xx 000 0 und d
020
_a
9786256126220
245
0
_a
Ardımızda Bıraktığımız Dünyalar
_c
A. F. Harrold
260
_b
Ketebe Genç
999
_c
1268710
_d
1268710